[Event "Dayton Wright Brothers op 5th"]
[Site "Dayton"]
[Date "2017.10.13"]
[Round "1"]
[White "Sharpe, Weston"]
[Black "Azarov, Sergei Nikolaevich"]
[Result "0-1"]
[WhiteElo "1886"]
[BlackElo "2556"]
[PlyCount "58"]
[EventDate "2017.10.13"]
[EventType "swiss"]
[EventRounds "5"]
[EventCountry "USA"]
[SourceTitle "CBM 181 Extra"]
[Source "ChessBase"]
[SourceDate "2017.12.12"]
[SourceVersion "1"]
[SourceVersionDate "2017.12.12"]
[SourceQuality "1"]

1. d4 Nf6 2. c4 e6 3. Nc3 Bb4 4. Qb3 c5 5. dxc5 Bxc5 6. Nf3 0-0 7. Bg5 Be7 8. g3 Nc6 9. Bg2 Na5 10. Qa4 d6 11. Nd2 Bd7 12. Qc2 Rc8 13. Qd3 h6 14. Bxf6 Bxf6 15. Qxd6 Bxc3 16. bxc3 Bc6 17. Qxd8 Rfxd8 18. Bxc6 Rxc6 19. 0-0-0 Rdc8 20. Kb2 g6 21. Ne4 Nxc4+ 22. Kb3 Rb6+ 23. Kc2 Rb2+ 24. Kd3 f5 25. Nf6+ Kf7 26. Nd7 Ke7 27. Nb8 Ne5+ 28. Kd4 Rc4+ 29. Ke3 Re4# 0-1